Responses for Show #5041 - Monday, July 10, 2006

Contestants

[<< previous game]

David Nikithser, a project manager from Hightstown, New Jersey

Hanna Miller, a fitness trainer and culinary historian from Asheville, North Carolina

Rich Small, an IT programmer from Kent, Washington (whose 2-day cash winnings total $18,100)

[next game >>]

Jeopardy! Round responses

THE BRITISH MILITARY
BOBBLEHEAD REVISITED
SAMES NAMES AS THE JACKSON 5
STUPID ANSWERS
PHOTOGRAPHY
HIDDEN U.S. STATES
(Alex: A state will be hidden inside the clue; the letters will be in order.)
    $200 26
admiral

Hanna
    $200 21
governor of California

David
    $200 4
Marlon

David
    $200 8
The Last of the Mohicans

David
    $200 3
Times Square

Hanna
    $200 1
Indiana (in East Indian a)

Rich
    $400 27
(Rich: What is the Air Corps? Royal Air Corps?)

the Royal Air Force (the RAF)

RichDavid
    $400 22
(Hanna: Who is Alfred P. Neuman?)

MAD

HannaDavid
    $400 5
Michael

Rich
    $400 9
Portsmouth

Hanna
    $400 7
a fish-eye lens

David
    $400 2
Texas (in Gore-Tex as)

David
    $600 28
(David: What is the MI5?)
(Rich: What is MI2?)
...
(Alex: What is MI6? MI5 domestic. MI6 is spying abroad.)

MI6

RichDavid
Triple Stumper
    $600 23
Alien

David
    $600 11
Randy

Hanna
    $600 10
moveable type

Rich
    $600 16
George Eastman

Hanna
    $600 6
Iowa (in audio wasn't)

David
    $800 29
(David: What is Wales?)

Northern Ireland

David
    $800 24
Jed Clampett

Rich
    $800 12
Tito

Hanna
    $800 14
an Arabian

Rich
    $800 17
a camera obscura

Triple Stumper
    $800 19
Idaho (in did ahoy)

Hanna
    $1000 30
the Royal Marines

Triple Stumper
    $1000 25
(Alex: Yes. André the Giant.)

professional wrestling

David
    $1000 13
Germaine

Hanna
    $1000 15
Duchamp-Villon

David
    $1000 18
(David: What is Kirilian photography?)
(Hanna: What is infrared?)
...
(Alex: David, you added one syllable too many. It's [*], not Kirilian. Sorry about that, but we have to enforce the rules.)

Kirlian photography

HannaDavid
Triple Stumper
    $1000 20
Maine (in Mama inexplicably)

David

Scores at the first commercial break (after clue 15):

Rich Hanna David
$2,000 $3,000 $2,800

Scores at the end of the Jeopardy! Round:

Rich Hanna David
$1,800 $3,200 $4,000

Double Jeopardy! Round responses

LIFE SCIENCE
HOME RUN SLUGGERS
BIO SUBJECTS
TALKING TURKEY
THE 2005 FORTUNE 500
(Alex: We're dealing with companies, here.)
"TAB" HUNTERS
    $400 4
neurons

Triple Stumper
    $400 1
Mark McGwire

Rich
    $400 16
(David: Who is Silkwood?)

Marie Curie

HannaDavid
    $400 19
salinity

David
    $400 7
Microsoft

Hanna
    $400 11
tabasco

David
    $800 5
diploid

David
    $800 2
4

Rich
    $800 17
Martin Luther King, Jr.

Hanna
    $800 20
India

Hanna
    $800 10
Sara Lee

David
    $800 12
a tablet

David
    $1,100 6
muscle tissue

David
    $1200 3
(Sammy) Sosa

David
    $1200 18
(Alex: You're right, yes. King of the Cowboys!)

Roy Rogers & Dale Evans

David
    $1200 25
Anatolia

Hanna
    $1200 23
H&R Block

Rich
    $1200 13
a tableau

Hanna
    $1600 27
(David: What's the stem?)

a root

HannaDavid
    $1600 8
(Mickey) Mantle

Rich
    $1600 21
Washington

David
    $1600 28
Kemal

Triple Stumper
    $1600 24
Costco

David
    $1600 14
tablature

David
    $2000 30
an enzyme

David
    $2000 9
(Hanna: Who is Cal Ripken, Jr.?)

(Rafael) Palmeiro

RichHanna
    $1,500 22
(Niccolo) Machiavelli

David
    $2000 29
Smyrna

Triple Stumper
    $2000 26
Mutual of Omaha

David
    $2000 15
tabula rasa

Hanna

Scores at the end of the Double Jeopardy! Round:

Rich Hanna David
$7,800 $9,600 $19,000

[wagering suggestions for these scores]

Final Jeopardy! Round responses

ISLANDS
(Alex: Think of a large country with big islands; that's all you have to do.)
...
(Alex: No. The correct response--[*]. Big islands way up north--Baffin, Victoria, Ellesmere.)
RichWhat is New Zealand
$1,000
HannaWhat is the Philippines?
$9,599
DavidWhat is Japan?
$201
Canada

Final scores:

Rich Hanna David
$6,800 $1 $18,799
2nd place: $2,000 3rd place: $1,000 New champion: $18,799

Game dynamics:

Coryat scores:

Rich Hanna David
$7,800 $9,600 $20,400
10 R,
2 W
16 R,
3 W
26 R
(including 2 DDs),
5 W
(including 1 DD)

Combined Coryat: $37,800

[game clues] [game scores] [suggest correction]

Game tape date: Unknown
The J! Archive is created by fans, for fans. Scraping, republication, monetization, and malicious use prohibited; this site may use cookies and collect identifying information. See terms. The Jeopardy! game show and all elements thereof, including but not limited to copyright and trademark thereto, are the property of Jeopardy Productions, Inc. and are protected under law. This website is not affiliated with, sponsored by, or operated by Jeopardy Productions, Inc. Join the discussion at JBoard.tv.